000 00563nmm a2200181Ia 4500
008 251105s9999||||xx |||||||||||||||||und||
020 _a9789560104014
041 _aspa
100 _aBahamonde, José Luis
245 0 _aIglesias de Concepción: riqueza social en el corazón de los barrios
264 _a[Santiago de Chile, Chile] :
_bRil editores,
_c2017
300 _a130 páginas
650 _aReligion(s)
700 _aBahamonde, José Luis
700 1 _a Rebolledo, Bernardo
856 _uhttps://public.digitaliapublishing.com/a/47492
942 _cCF
999 _c62394
_d62394